Statistiche per Indovina l'album rap dalla canzone

Clicka qui per fare il quiz!

Statistiche generali

  • Questo quiz è stato fatto 116 volte
  • Il punteggio medio è 14 su 42

Statistiche sulle risposte

CanzoneAlbum% Corretto
DubbiNoi, loro, gli altri
79%
Salvador DalìSanteria
79%
TUTTO QUESTO NIENTE - Gli occhiPersona
76%
7 miliardiScialla semper
58%
Puro SinaloaGemelli
52%
1984Hellvisback
52%
Stay AwayMattoni
49%
Battle RoyaleMachete Mixtape 3
48%
Broken Language17
45%
On the cornerQVC 4
44%
PleasantvilleSuicidol
44%
Stanza 106Mr Fini
42%
Rap in venaMr Simpatia
42%
Bastavano le bricioleMarracash
41%
Paranoia mia68
40%
Veleno 6MM 2
39%
Smith & Wesson FreestyleFastlife 4
38%
La G la U la EIl ragazzo d'oro
36%
Parole di ghiaccioL'erba cattiva
36%
Sinnò me moroEnemy
35%
Hardboiled - SabotatoriMi Fist
35%
Out of my wayQVC 2
34%
Il senso dell'odioThe Island Chainsaw Massacre
32%
Morto di fameKeta Music 3
31%
Fuori OrarioVero
28%
Puro BogotàVile denaro
25%
Sabbie MobiliKing del rap
24%
Mal di stomacoTradimento
24%
La notte che rovesciammo l'ordinePenna Capitale
23%
VendettaStatus
23%
Butterfly KnifeNon dormire
22%
Foto di gruppoFoto di gruppo
19%
Sangue di dragoMusica per bambini
17%
Vestiti sporchiTerza stagione
16%
PanicoGuerra e pace
15%
All'ultimo respiroChe bello essere noi
14%
Rendez vous col delirio60 Hz
8%
Dentro alla scatolaSolo un uomo
8%
Aspettando il soleNeffa & i messaggeri della dopa
7%
Giorno e notteNovecinquanta
7%
Cani scioltiSXM
7%
Giorni miglioriCristi e diavoli
6%

Distribuzione punteggi

Percentile per numero di risposta

Percentuale di utenti per punteggio

I tuoi punteggi nel tempo

Non hai fatto questo quiz